000 00640nam a2200205Ia 4500
003 GCL
008 140319s9999 xx 000 0 ara d
040 _aGCL /
_cGCL
082 0 4 _a658.404
_bح ا
100 1 _aجميل احمد توفيق
245 1 0 _aاقتصاديات الاعمال /
_cجميل احمد توفيق
700 1 _aصبحى تادرس فريد
700 1 _aعلى الشريف
260 _a[S.N] :
_bدار المطبوعات الجامعية ،
_c1978
300 _a479 ص
490 _a
650 0 4 _aادارة الاعمال
650 0 4 _aالتنظيم وادارة المشروعات
942 _2ddc
_cBK
999 _c36132
_d36132